A different kind of animal : how culture transformed our species /

Bibliographic Details
Main Author: Boyd, Robert, 1948- (Author)
Corporate Author: EBSCOhost
Format: eBook
Language:English
Published: Princeton : Princeton University Press, [2018]
Series:University Center for Human Values series.
Subjects:
Online Access:Connect to the full text of this electronic book

MARC

Tag First Indicator Second Indicator Subfields
LEADER 00000cam a22000001i 4500
001 in00003963607
005 20190416172547.0
006 m |o d |
007 cr |n|||||||||
008 171121s2017 nju ob 001 0 eng d
020 |a 9781400888528 (electronic bk.) 
020 |a 1400888522 (electronic bk.) 
020 |z 9780691177731 (hardcover : alk. paper) 
020 |z 0691177732 (hardcover : alk. paper) 
024 8 |a 40027629310 
035 |a (NhCcYBP)EBSCO1519694 
040 |a NhCcYBP  |c NhCcYBP  |d UtOrBLW 
050 4 |a GN360  |b .B685 2018 
082 0 4 |a 303.4  |2 23 
100 1 |a Boyd, Robert,  |d 1948-  |e author.  |0 http://id.loc.gov/authorities/names/n84123992 
245 1 2 |a A different kind of animal :  |b how culture transformed our species /  |c Robert Boyd. 
264 1 |a Princeton :  |b Princeton University Press,  |c [2018] 
300 |a 1 online resource. 
336 |a text  |b txt  |2 rdacontent 
337 |a computer  |b c  |2 rdamedia 
338 |a online resource  |b cr  |2 rdacarrier 
490 1 |a The University Center for human values series 
504 |a Includes bibliographical references and index. 
505 0 |a Not by brains alone: the vital role of culture in human adaptation -- Beyond kith and kin: culture and the scale of human cooperation -- Comments -- Imitation, Hayek, and the significance of cultural learning / H. Allen Orr -- Adaptation without insight? / Kim Sterelny -- Inference and hypothesis testing in cultural evolution / Ruth Mace -- Adaptable, cooperative, manipulative, and rivalrous -- Response: Robert Boyd's reply to the commentators. 
588 |a Description based on print version record. 
500 |a Electronic resource. 
650 0 |a Social evolution.  |0 http://id.loc.gov/authorities/subjects/sh85123940 
650 0 |a Human evolution.  |0 http://id.loc.gov/authorities/subjects/sh85062868 
655 7 |a Electronic books.  |2 local 
710 2 |a EBSCOhost. 
776 1 8 |c Original  |z 9780691177731  |z 0691177732  |w (DLC) 2017008706 
830 0 |a University Center for Human Values series.  |0 http://id.loc.gov/authorities/names/n96078453 
856 4 0 |u http://proxy.library.tamu.edu/login?url=http://search.ebscohost.com/login.aspx?direct=true&scope=site&db=nlebk&db=nlabk&AN=1519694  |z Connect to the full text of this electronic book  |t 0 
955 |a YBP purchased approval e-records 
980 |b 52.43  |g 1 
987 |a ybp14643185 
999 f f |s ac506548-2b50-394b-b51c-9f9ce2f1860d  |i e8c92aaa-ac2f-3fae-b57f-e99e741782c8  |t 0 
952 f f |a Texas A&M University  |b College Station  |c Electronic Resources  |d Available Online  |t 0  |e GN360 .B685 2018  |h Library of Congress classification 
998 f f |a GN360 .B685 2018  |t 0  |l Available Online